Πρmane Quizz #2 - Statistiques

Statistiques générales
  • Ce quiz a été pris 2 fois
  • Le résultat moyen est 19 sur 22
Statistiques - réponses
Indice Paroles Réponses % Correct
Réponse à la question sur la vie selon Douglas Adams x10^6. que, il y a 42 millions
100%
14/20 mise sous forme de pourcentage. d'ukrainiens, 70%
100%
Si je vais dans le pays le + petit du monde, je vais ... ? serait resté Au Vatican ?
100%
Qui professe la foi en Jésus Christ. sont des chrétiens
100%
Dernier mot de l'indice de la ligne n°5. Je représente le Christ
100%
Sentence prononcée si on te juge au tribunal des gays. EST COUPABLE !! "
100%
Habitants du pays au Sud de la Biélorussie. ... d'Ukrainiens
100%
Paroles + Réponses de la ligne précédente. ... JE REPRESENTE LE CHRIST !
100%
Fameux Président assassiné dans sa voiture. "Jamais John Fitzgerald Kennedy
100%
Capitale de l'Ukraine. au lieu d'aller à KIEV
100%
Léon XIV élu le 8 mai 2025. et le Pape
100%
Ordre de grandeur de l'argent volé à l'Europe par Marine LEPEN. aurait laissé des millions
100%
Inverse de Non. Certainement pas ! OUI !
100%
Est phonétiquement identique à "Tu es moi". et de dire TUEZ MOI
100%
Lieu de résidence de Léon XIV. reste au Vatican
100%
Croire conjugué à la 2e personne du pluriel de l'Indicatif. Est ce que vous croyez
100%
Ce que tu fais à la glace quand tu parles à quelqu'un pour la première fois. ... brisée ?
50%
Càd est son abréviation. n'aurait laissé faire ça. C'est à dire
50%
Avant dernier mot de l'indice de la ligne n°5. Est ce que vous pensez que Jésus
50%
46e président des U-S-A RAAAAAH !! ... JOE BIDEN
50%
Réponse de la ligne n° Verstappen. que John Kennedy
50%
¬(Mort). avoir leur vie brisée
0%
Aucun quiz correspondant
Distribution des résultats
% des personnes avec chaque résultat
Percentile par nombre de réponses
Votre historique - résultats
Vous n’avez pas pris ce quiz